Normal view
MARC view
Entry Topical Term
001 - CONTROL NUMBER
- control field: 16095
003 - CONTROL NUMBER IDENTIFIER
- control field: dpl
005 - DATE AND TIME OF LATEST TRANSACTION
- control field: 20100823110901.0
008 - FIXED-LENGTH DATA ELEMENTS
- fixed length control field: 100823|||a|||||| | ||| d
040 ## - CATALOGING SOURCE
- Original cataloging agency: dpl
- Transcribing agency: dpl
150 ## - HEADING--TOPICAL TERM
- Topical term or geographic name as entry element: सभ्यता
- General subdivision: सामाजिक इतिहास
- Geographic subdivision: भारत
670 ## - SOURCE DATA FOUND
- Source citation: Work cat.: (dpl)34979: नन्दन कुमार 16094, प्राचीन भारत का सामाजिक इतिहास /, 2009
670 ## - SOURCE DATA FOUND
- Source citation: Work cat.: (dpl)34979: नन्दन कुमार 16094, प्राचीन भारत का सामाजिक इतिहास /, 2009
